000 01174nam0a22002771 4500
001 rc\2380415
005 20260407102017.0
035 _a(NLR Aleph) 006661625
090 _a4900643
_c4900643
100 _a20110829d1978 |||y0rusy50 ca
101 0 _arus
102 _aRU
105 _ay z |||||
200 1 _aУпотребление артикля в современном английском языке
_eМетод. пособие
_fМ-во просвещения БССР, Мин. гос. пед. ин-т им. А.М. Горького
_g[В.А. Мальцева, Л.В. Голованова]
210 _aМинск
_cМин. пед. ин-т имени А.М. Горького
_d1978
215 _a104 с.
_d20
701 1 _aГолованова
_bЛ.В.
701 1 _aМальцева
_bВ.А.
_gВалентина Андреевна
712 0 2 _aМинский педагогический институт им. А. М. Горького
_3RU\NLR\AUTH\889929841
_9355261
801 0 _aRU
_bNLR
_gpsbo
801 1 _aRU
_bELAR
_2rusmarc
852 _aNLR
_j78-3/7760
899 _aRuMoRGB
_jБ 78-23/1457
899 _aRuMoRGB
_jБ 78-23/1458
942 _cBOOK
980 _aNB